000 00616nam a2200193Ia 4500
003 GCL
008 140319s9999 xx 000 0 ara d
040 _aGCL /
_cGCL
082 0 4 _a813.03
_bس س
100 1 _aسحبان احمد مروة
245 1 0 _aسم الاخوان فى ليالى رمضان /
_cسحبان احمد مروة
260 _a[S.N] :
_bرياض الريس للكتب والنشر ،
_c1991
300 _a436 ص
490 _aالسلسلة القصصية
_v0
650 0 4 _aالادب العربى
650 0 4 _aالقصص العربية
650 0 4 _aالمجموعات
942 _2ddc
_cBK
999 _c54675
_d54675